000 00500nam a22001697a 4500
003 NUST - PNEC
005 20170116181030.0
008 150919b xxu||||| |||| 00| 0 eng d
020 _a-
040 _cLIBRARY
082 _a005.43 MIC
100 _911043
_aMicrosoft corporation
245 _aUser,s guide and getting started: condensed edition for the microsoft windows operating system
_cMicrosoft corporation
260 _cc.1990
650 _911046
_aMicrosoft windows
_xMIS
942 _2ddc
_cBK
999 _c67713
_d67713